000 00357 a2200157 4500
003 OSt
005 20180116182638.0
008 160817b xxu||||| |||| 00| 0 eng d
040 _c0
100 _aR.C. GUPTA
245 _aStatistical quality.
_cR.C.Gupta
250 _aDelhi
260 _c1997
300 _a1410v45
942 _aNBS
_cBK
_k658.562 GUP
_2ddc
999 _c343333
_d343333